000187160 001__ 187160 000187160 005__ 20210105123057.0 000187160 0247_ $$2ISSN$$a1567-1356 000187160 0247_ $$2ISSN$$a1567-1364 000187160 0247_ $$2BIOSIS$$aPREV200400058629 000187160 0247_ $$2WOS$$aWOS:000186795800009 000187160 0247_ $$2pmid$$apmid:14613884 000187160 0247_ $$2DOI$$a10.1016/S1567-1356(03)00147-8 000187160 0247_ $$2HSB$$a999910096040 000187160 0247_ $$2SCOPUS$$aSCOPUS:2-s2.0-0242570666 000187160 037__ $$aRWTH-CONV-063527 000187160 041__ $$aEnglish 000187160 1001_ $$0P:(DE-82)014724$$aStöckmann, Christoph$$b0$$eAuthor 000187160 245__ $$aEffect of oxygen supply on passaging, stabilising and screening of recombinant Hansenula polymorpha production strains in test tube cultures$$honline, print 000187160 260__ $$aAmsterdam [u.a.]$$bElsevier$$c2003 000187160 3367_ $$0PUB:(DE-HGF)16$$2PUB:(DE-HGF)$$aJournal Article$$bjournal$$mjournal 000187160 3367_ $$0PUB:(DE-HGF)7$$2PUB:(DE-HGF)$$aContribution to a book 000187160 3367_ $$2DataCite$$aOutput Types/Journal article 000187160 3367_ $$00$$2EndNote$$aJournal Article 000187160 3367_ $$2BibTeX$$aARTICLE 000187160 3367_ $$2ORCID$$aJOURNAL_ARTICLE 000187160 3367_ $$2DRIVER$$aarticle 000187160 591__ $$aGermany 000187160 7001_ $$0P:(DE-82)057698$$aLosen, Mario$$b1$$eAuthor 000187160 7001_ $$0P:(DE-82)057699$$aDahlems, Ulrike$$b2$$eAuthor 000187160 7001_ $$0P:(DE-82)046169$$aKnocke, Christof$$b3$$eAuthor 000187160 7001_ $$0P:(DE-82)014731$$aGellissen, Gerd$$b4$$eAuthor 000187160 7001_ $$0P:(DE-82)IDM00545$$aBüchs, Jochen$$b5$$eAuthor 000187160 770__ $$aProgress on Hansenula polymorpha, basic and applied aspects / Edited by G. Gellissen 000187160 773__ $$0PERI:(DE-600)2052068-2$$a10.1016/S1567-1356(03)00147-8$$n2$$p195-205$$tFEMS Yeast Research$$v4$$x1567-1356 000187160 909CO $$ooai:publications.rwth-aachen.de:187160$$pVDB 000187160 9151_ $$0StatID:(DE-HGF)0031$$2StatID$$aPeer reviewed article 000187160 9201_ $$0I:(DE-82)416510_20140620$$k416510$$lLehrstuhl für Bioverfahrenstechnik$$x0 000187160 961__ $$c2014-08-12$$x2011-10-28$$z2012-02-20 000187160 970__ $$ahsb999910096040 000187160 980__ $$ajournal 000187160 980__ $$acontb 000187160 980__ $$aI:(DE-82)416510_20140620 000187160 980__ $$aVDB 000187160 980__ $$aUNRESTRICTED 000187160 980__ $$aConvertedRecord